Znakomstvo s vyššej matematikoj : Metod koordinat /

Guardado en:
Detalles Bibliográficos
Autor principal: Potrjagin, L.S (Autor)
Formato: Libro
Lenguaje:ruso
Publicado: Moskva : Nauka, 1987
Etiquetas: Agregar Etiqueta
Sin Etiquetas, Sea el primero en etiquetar este registro!

MARC

LEADER 00000nam a22000003a 4500
001 stu4205
005 20150617225810.1
008 930628s1987----xxr-----------------rus-d
040 |a STU  |b slo 
041 0 |a rus 
044 |a xxr 
080 |a 514.12 
100 1 |a Potrjagin, L.S  |4 aut 
245 1 |a Znakomstvo s vyššej matematikoj :  |b Metod koordinat /  |c [aut.] Potrjagin,L.S 
260 |a Moskva :  |b Nauka,  |c 1987 
300 |a 127 s 
996 |b E64802  |c E*64802  |l EE03  |s P  |a 0  |w stu4205_0001